logo

Discrete-time signal processing (Record no. 2048)

000 -LEADER
fixed length control field 00621nam a22002297a 4500
003 - CONTROL NUMBER IDENTIFIER
control field SLTCLib
008 - FIXED-LENGTH DATA ELEMENTS--GENERAL INFORMATION
fixed length control field 260625b ce ||||| |||| 00| 0 eng d
020 ## - INTERNATIONAL STANDARD BOOK NUMBER
International Standard Book Number 8178082446
041 ## - LANGUAGE CODE
Language code of text/sound track or separate title English Language
080 ## - UNIVERSAL DECIMAL CLASSIFICATION NUMBER
Universal Decimal Classification number 621.391.81
Item number OPP
100 ## - MAIN ENTRY--PERSONAL NAME
Personal name Oppenheim, Alan V.
9 (RLIN) 1371
245 ## - TITLE STATEMENT
Title Discrete-time signal processing
250 ## - EDITION STATEMENT
Edition statement 2nd ed
260 ## - PUBLICATION, DISTRIBUTION, ETC. (IMPRINT)
Place of publication, distribution, etc India
Name of publisher, distributor, etc Pearsons Education
Date of publication, distribution, etc 2004
300 ## - PHYSICAL DESCRIPTION
Extent 870p.
650 #0 - SUBJECT ADDED ENTRY--TOPICAL TERM
9 (RLIN) 2451
Topical term or geographic name as entry element Signal processing
650 #0 - SUBJECT ADDED ENTRY--TOPICAL TERM
9 (RLIN) 2452
Topical term or geographic name as entry element Discrete-time systems
650 #0 - SUBJECT ADDED ENTRY--TOPICAL TERM
9 (RLIN) 1986
Topical term or geographic name as entry element Digital techniques
700 ## - ADDED ENTRY--PERSONAL NAME
Personal name Schafer, Ronald W.
9 (RLIN) 1599
700 ## - ADDED ENTRY--PERSONAL NAME
Personal name Buck, John R.
9 (RLIN) 3627
942 ## - ADDED ENTRY ELEMENTS (KOHA)
Source of classification or shelving scheme
Koha item type Lending Materials
945 ## - LOCAL PROCESSING INFORMATION (OCLC)
a 3725
b Ishara wickramage
c 3725
d Ishara wickramage
Holdings
Withdrawn status Lost status Source of classification or shelving scheme Damaged status Not for loan Permanent Location Current Location Shelving location Date acquired Source of acquisition Full call number Barcode Date last seen Price effective from Koha item type
          Library of SLTC Library of SLTC Lending Section 2026-06-25 Donation 621.391.81 OPP 003463 2026-06-25 2026-06-25 Lending Materials
Ghostwriter

All Rights Reserved, Library of SLTC
Sri Lanka Technological Campus, Ingiriya Road, Padukka, Sri Lanka - Telephone: +, Fax: + -
Email:library@sltc.edu.lk
Designed & Maintained by Nimal Hettiarachchi
Last Updated: 15-April -2018